La Ley (Record no. 1365)

MARC details
000 -LEADER
campo de control de longitud fija 01174nas a22003371i#4500
001 - NÚMERO DE CONTROL
campo de control 1365
003 - IDENTIFICADOR DE NÚMERO DE CONTROL
campo de control ES-MaACL
005 - FECHA Y HORA DE LA ÚLTIMA TRANSACCIÓN
campo de control 20250809062529.0
007 - CAMPO FIJO DE DESCRIPCIÓN FÍSICA--INFORMACIÓN GENERAL
campo de control de longitud fija t|
008 - DATOS DE LONGITUD FIJA--INFORMACIÓN GENERAL
campo de control de longitud fija 950801c1980 sp b| | 1 ||pa d
022 ## - NÚMERO INTERNACIONAL NORMALIZADO PARA PUBLICACIONES SERIADAS
Número Internacional Normalizado para Publicaciones Seriadas 0211-2744
080 ## - NÚMERO DE LA CLASIFICACIÓN DECIMAL UNIVERSAL
Número de la Clasificación Decimal Universal (460)
080 ## - NÚMERO DE LA CLASIFICACIÓN DECIMAL UNIVERSAL
Número de la Clasificación Decimal Universal 34
245 03 - MENCIÓN DEL TÍTULO
Título La Ley
Resto del título : revista jurídica española de doctrina, jurisprudencia y bibliografía.
246 13 - FORMA VARIANTE DEL TITULO
Título propio/Titulo breve Revista jurídica española La Ley
260 ## - PUBLICACIÓN, DISTRIBUCIÓN, ETC.
Lugar de publicación, distribución, etc. Madrid :
Nombre del editor, distribuidor, etc. Edilex,
Fecha de publicación, distribución, etc. 1980-
300 ## - DESCRIPCIÓN FÍSICA
Extensión v ;
Dimensiones 34 cm.
310 ## - PERIODICIDAD ACTUAL
Periodicidad actual Bimestral,
Fecha de comienzo de la periodicidad actual 1996-
321 ## - PERIODICIDAD ANTERIOR
Periodicidad anterior Trimestral,
Fechas de la periodicidad anterior 1980-1995
362 0# - FECHAS DE PUBLICACIÓN Y/O DESIGNACIÓN SECUENCIAL
Fecha de publicación y/o designación secuencial N. 1 (1980)-
500 ## - NOTA GENERAL
Nota general Se publican fascículos diarios (Diario La Ley) y repertorios mensuales, que son refundidos en los volúmenes bimestrales.
650 17 - PUNTO DE ACCESO ADICIONAL DE MATERIA--TÉRMINO DE MATERIA
Término de materia o nombre geográfico como elemento de entrada Derecho
Fuente del encabezamiento o término embne
9 (RLIN) 11602
655 #7 - TERMINO DE INDIZACIÓN--GENERO/FORMA
Fuente del término tgfbne
9 (RLIN) 226866
Datos o término principal de género/forma Revistas
770 0# - ENLACE A UN SUPLEMENTO/NÚMERO ESPECIAL
Encabezamiento principal La Ley. Repertorio general
852 ## - LOCALIZACIÓN
Ubicación ES-MaACL
Número de control de estantería J-107
Ubicación en estantería Depósito 2
Nota libre Unificar con signatura: J-108
856 ## - LOCALIZACIÓN Y ACCESO ELECTRÓNICOS
Identificador Uniforme de Recursos <a href="https://dialnet.unirioja.es/servlet/revista?codigo=846">https://dialnet.unirioja.es/servlet/revista?codigo=846</a>
Texto de enlace Sumario de la revista en Dialnet
866 #0 - MENCIÓN TEXTUAL DE FONDOS--UNIDAD BIBLIOGRÁFICA BÁSICA
Fondos 1986-1999(2000 f.n 2-6).
Nota pública Deja de recibirse
942 ## - ELEMENTOS DE ENTRADA SECUNDARIOS (KOHA)
Fuente del sistema de clasificación o colocación Clasificación decimal universal
Tipo de ítem Koha Revista
Holdings
Estatus retirado Estado de pérdida Estado de daño No para préstamo Colección Biblioteca de origen Biblioteca actual Ubicación en estantería Fecha de adquisición Fuente de adquisición Total de préstamos Signatura topográfica completa Código de barras Visto por última vez Precio de reemplazo Tipo de ítem Koha
        Periódicos y Revistas Biblioteca del Ateneo de Madrid Biblioteca del Ateneo de Madrid Depósito 2 17/01/2008     J-107 1001393 23/02/2023 23/02/2023 Revista